000 00481nam a2200181Ia 4500
001 11293
005 20260306162817.0
008 260306t2017||||xx |||||||||||||| ||spa||
041 _aESP
082 _a985.03
_bA52
100 _aAmado Gonzales, Donato
_eAUT
245 0 _aEl estandarte real y la mascapaycha:
_bhistoria de una institución inca colonial
260 _c2017
300 _a383 pƔginas :
_c24 cm.
650 _aGEN
654 _aCHU
942 _cLIB
_dJUS
_fJUS
_2ddc
_n
999 _c11293
_d11293